Simulador CPUCR

محفوظ في:
التفاصيل البيبلوغرافية
المؤلف الرئيسي: Ulloa Jimenez, Sergio Mauricio
التنسيق: أطروحة كتاب
اللغة:Undetermined
منشور في: 1985
الموضوعات:
> > > > SIMULADOR CPUCR
الوسوم: إضافة وسم
لا توجد وسوم, كن أول من يضع وسما على هذه التسجيلة!

MARC

LEADER 00000nam a2200000Ia 4500
001 002846 V II
008 140114s9999 xx 000 0 und d
100 |a Ulloa Jimenez, Sergio Mauricio 
245 |a Simulador CPUCR 
260 |c 1985 
500 |a NULL 
502 |a Escuela de ingenieria Electrica 
650 |z SIMULADOR CPUCR 
999 |c 11653  |d 11653